| 000 | 00000nas##2200000za#4500 |
| 001 | 9.510740 |
| 003 | CaOODSP |
| 005 | 20250319155841 |
| 007 | ta |
| 008 | 150406c2002||||xxc|| p #||||f| |0eng|d |
| 022 | |a1706-3388 |
| 040 | |aCaOODSP|beng |
| 041 | |aeng |
| 041 | |afre |
| 043 | |an-cn--- |
| 086 | 1 |aR12-10 |
| 110 | 1 |aCanada. |bIndian and Northern Affairs Canada. |
| 245 | 10|aBuilding Aboriginal and northern economies |
| 260 | |aOttawa - Ontario : |bIndian and Northern Affairs |
| 310 | |aMonthly |
| 362 | 1 |aApril, 2002-- |
| 563 | |aSoftcover |
| 690 | 07|aIndigenous businesses|2gcpds |
| 690 | 07|aEntrepreneurship|2gcpds |
| 690 | 07|aIndigenous affairs|2gcpds |
| 776 | 0#|tBâtisseurs de l'économie autochtone.|w(CaOODSP)9.502846 |
| 776 | 0#|tBâtisseurs de l'économie autochtone et du Nord|w(CaOODSP)9.502847 |
| 776 | 0#|tBuilding aboriginal and northern economies |w(CaOODSP)9.506451 |
| 776 | 0#|tBuilding aboriginal economies |w(CaOODSP)9.506450 |
| 780 | 00|tCircles of light |w(CaOODSP)9.508632 |
| 792 | |tBâtisseurs de l'économie autochtone et du Nord |efre|w(CaOODSP)9.510741 |